Waqas Ali Waqas (Record no. 314480)

000 -LEADER
fixed length control field 00287 a2200133 4500
001 - CONTROL NUMBER
control field 79407
082 ## - DEWEY DECIMAL CLASSIFICATION NUMBER
Classification number 928.91439 RIA
090 ## - LOCALLY ASSIGNED LC-TYPE CALL NUMBER (OCLC); LOCAL CALL NUMBER (RLIN)
-- 39601
-- 39601
100 ## - MAIN ENTRY--PERSONAL NAME
Personal name Riaz Ahmed
245 ## - TITLE STATEMENT
Title Waqas Ali Waqas
Medium Urdu
250 ## - EDITION STATEMENT
Edition statement 1
260 ## - PUBLICATION, DISTRIBUTION, ETC.
Place of publication, distribution, etc. Lahore
Name of publisher, distributor, etc. saleem Riaz
Date of publication, distribution, etc. 1994
300 ## - PHYSICAL DESCRIPTION
Extent 208
942 ## - ADDED ENTRY ELEMENTS (KOHA)
Institution code [OBSOLETE] caenust
Call number prefix 928.91439 RIA
Holdings
Withdrawn status Lost status Damaged status Not for loan Collection code Permanent Location Current Location Date acquired Total Checkouts Full call number Barcode Date last seen Price effective from Koha item type
          College of Aeronautical Engineering (CAE) College of Aeronautical Engineering (CAE) 04/03/2017   928.91439 RIA CAE63226 04/05/2017 04/05/2017 Book
© 2023 Central Library, National University of Sciences and Technology. All Rights Reserved.